000 00376nam a2200133Ia 4500
005 20260326235450.0
008 260326s9999||||xx |||||||||||||| ||und||
100 _aCastellanos, Alfredo R.
245 0 _aUruguay :
_b Movimientos Históricos y Arqueológicos /
_cAlfredo R. Castellanos
260 _bSecretaria General del IPGH
300 _a43 p.
650 _aARTE
942 _cBK
999 _c7724
_d7724